Ecology: The experimental analysis of distribution and abundance (Record no. 23752)

MARC details
000 -LEADER
fixed length control field 00399nam a2200145Ia 4500
082 ## - DEWEY DECIMAL CLASSIFICATION NUMBER
Classification number 581.5
Item number KRE
100 ## - MAIN ENTRY--AUTHOR NAME
Personal name KREBS, Charles J
245 #0 - TITLE STATEMENT
Title Ecology: The experimental analysis of distribution and abundance
260 ## - PUBLICATION, DISTRIBUTION, ETC. (IMPRINT)
Place of publication New York
Name of publisher Harper & Row
Year of publication 1972
650 ## - SUBJECT ADDED ENTRY--TOPICAL TERM
Topical Term Ecology
650 ## - SUBJECT ADDED ENTRY--TOPICAL TERM
Topical Term Food production
650 ## - SUBJECT ADDED ENTRY--TOPICAL TERM
Topical Term Human ecology
942 ## - ADDED ENTRY ELEMENTS (KOHA)
Koha item type Books
Holdings
Withdrawn status Lost status Damaged status Not for loan Home library Current library Date acquired Full call number Accession Number Koha item type
        RRII Library RRII Library 16/12/2021 581.5 KRE 04447 Books